Bharath Bharathi mein rashtreey aur samskritik chetana/ (Record no. 52269)

000 -LEADER
fixed length control field 00425nam a22001577a 4500
020 ## - INTERNATIONAL STANDARD BOOK NUMBER
ISBN 81-8111-053-6
082 ## - DEWEY DECIMAL CLASSIFICATION NUMBER
Classification number H100 9
Item number SHO/B
100 ## - MAIN ENTRY--AUTHOR NAME
Personal name Shobhana Kokkadan
245 ## - TITLE STATEMENT
Title Bharath Bharathi mein rashtreey aur samskritik chetana/
Statement of responsibility, etc by Shobhana Kokkadan
260 ## - PUBLICATION, DISTRIBUTION, ETC. (IMPRINT)
Place of publication Madhura:
Name of publisher Jawahar,
Year of publication 2007.
300 ## - PHYSICAL DESCRIPTION
Number of Pages 120p.
650 ## - SUBJECT ADDED ENTRY--TOPICAL TERM
Topical Term Poetry Hindi Criticism
650 ## - SUBJECT ADDED ENTRY--TOPICAL TERM
Topical Term Literature Hindi
650 ## - SUBJECT ADDED ENTRY--TOPICAL TERM
Topical Term Literature
942 ## - ADDED ENTRY ELEMENTS (KOHA)
Koha item type Book
Holdings
Withdrawn status Lost status Damaged status Not for loan Permanent Location Current Location Shelving location Date acquired Cost, normal purchase price Full call number Accession Number Price effective from Koha item type
        Sree Sankaracharya University of Sanskrit Sree Sankaracharya University of Sanskrit Stacks 06.04.2015 150.00 H1009 SHO/B 064882 06.04.2015 Book